000 00597nam a22002057a 4500
999 _c10801
_d10801
003 AR-CdUCM
008 190329b ||||| |||| 00| 0 spa d
040 _aMUNICIPALIDAD PROVINCIAL DEL CUSCO
_cBIBLIOTECA MUNICIPAL DEL CUSCO
041 _heng
082 _aES / 800 /
_bL14
100 _aLucier, Joseph
_927838
245 _aAlejandro Magno /
260 _aBarcelona :
_bBruguera ;
_c1961.
300 _a255 páginas ;
_bIlustraciones
_c20cm
440 _aColección Historias
_927112
505 _aContenido: Novela
650 _aLiteratura
_9416
942 _2ddc
_cLIBROS
945 _anom